Dictionnaire des huiles végétales
সংরক্ষণ করুন:
| প্রধান লেখক: | |
|---|---|
| বিন্যাস: | গ্রন্থ |
| ভাষা: | Undetermined |
| প্রকাশিত: |
Prris
Paul Lechevalier
1957
|
| বিষয়গুলি: | |
| ট্যাগগুলো: |
ট্যাগ যুক্ত করুন
কোনো ট্যাগ নেই, প্রথমজন হিসাবে ট্যাগ করুন!
|
| Thư viện lưu trữ: | Trung tâm Học liệu Trường Đại học Cần Thơ |
|---|
| LEADER | 00503nam a2200181Ia 4500 | ||
|---|---|---|---|
| 001 | CTU_26599 | ||
| 008 | 210402s9999 xx 000 0 und d | ||
| 082 | |a 633.85 | ||
| 082 | |b M548 | ||
| 100 | |a Paul H Mensier | ||
| 245 | 0 | |a Dictionnaire des huiles végétales | |
| 245 | 0 | |c Paul H Mensier | |
| 260 | |a Prris | ||
| 260 | |b Paul Lechevalier | ||
| 260 | |c 1957 | ||
| 650 | |a agriculture - terminology,vegetables | ||
| 904 | |i Minh, 981014 | ||
| 980 | |a Trung tâm Học liệu Trường Đại học Cần Thơ | ||